000 00683nam a22002417a 4500
003 OSt
005 20180312184920.0
008 150225b xxu||||| |||| 00| 0 eng d
020 _a 978-0702055041
020 _a0702055042
020 _a0443102042X
040 _clc
082 _aWE 550 P456n 2006
100 _aEdited by Petty, Nicola J.
_92875
245 _aNeuromusculoskeletal Examination and Assessment:
_ba handbook for therapists
250 _a4th ed.
260 _aLondon;
_bChurchill,
_c2006.
300 _axiii, 413 p :
_bcol.ill;
_c27 cm.
504 _aIncludes index.
650 _aNeuromusculoskeletal systems
_92876
650 _aMCQS
_92433
942 _2z
_cSLOAN
999 _c1068
_d1068